1549 1369 1436 1615 1565 1383 1172 1418 1744 1041 1351 1721 1191 1412 1548 1054 1479 1626 1967 1901 1833 1522 1722 1926 1927 1585 1584 1958 1844 1937 1215 1489 1415 1611 1355 1913 1795 1192 1375 1982 1084 1580 1872 1445 1908 1108 1372 1819 1713 1168 1941 1255 1515 1251 1565 1192 1799 1319 1309 1387 1145 1341 1093 1304 1589 1874 1553 1265 1577 1959 1749 1792 1923 1219 1874 1450 1101 1536 1951 1000 1312 1069 1003 1934 1852 1721 1042 1148 1623 1198 1974 1516 1440 1270 1893 1931 1144 1069 1336 BCNSPRNW ULIB Ver.6.0+V

เปลี่ยนเป็นภาษาไทย

Change to English
 แสดงรายละเอียดบรรณานุกรม
  กลับหน้าหลัก

Brief Record : Get Marc (ISO 2709) : E-mail record : QR code < ปิดหน้าต่าง
LEADER : 00000nam 2200000uu 4500
001    13399112648
003     ULIB
008    110830s2553||||th 000 0 tha d
020    9789744015969
060 04 WS280^bด764P 2553
100    ดุสิต สถาวร
245 00 Pediatric critical care : Evolving concepts and current practice /^cบรรณาธิการ ดุสิต สถาวร , จิตลัดดา ดีโรจนวงศ์ ,นวลจันทร์ ปราบพาล
260    กรุงเทพฯ :^bชมรมโรคระบบหายใจในเด็กแห่งประเทศไทย,^c2553
300    viii, 224 :^bภาพประกอบ ;^c27 ซม.
650  2 Respiratory Tract Diseases^xin infancy & childhood
650  4 โรคระบบหายใจ
650  4 ทางเดินหายใจ, โรค
700 0  จิตลัดดา ดีโรจนวงศ์,^eบรรณาธิการ
700 0  นวลจันทร์ ปราบพาล,^eบรรณาธิการ
710 2  ชมรมโรคระบบหายใจในเด็กแหงประเทศไทย
945    ^p300^l0^i030478
945    ^p300^l0^i030479
945    ^p300^l0^i030480
945    ^p300^l0^i030481
945    ^p300^l0^i030482
995    ทศพร
999 ^a ทศพร
รายการนี้ยังไม่มีแท็ก
คุณยังไม่ได้ล็อกอิน คุณสามารถมีกิจกรรมร่วมกับเว็บไซต์ได้ แต่ต้องล็อกอินก่อน ::
  ล็อกอิน

รายการสื่อสารสนเทศ

ลำดับที่ ประเภท เลขเรียก/บาร์โค้ด สถานที่ สถานะ
1. วิทยาศาสตร์การแพทย์ และสุขภาพ
หนังสือสำรอง
สถานะ=หนังสือสำรอง
WS280 ด764P 2553 ฉ.1 
  Barcode: 030478
ห้องสมุดวิทยาเขตสวรรค์ประชารักษ์
►ส่วนจัดเก็บหนังสือเก่า สปร
บนชั้น
  ขอยืม
2. วิทยาศาสตร์การแพทย์ และสุขภาพ
วิทยาศาสตร์การแพทย์ และสุขภาพ
WS280 ด764P 2553 ฉ.2 
  Barcode: 030479
ห้องสมุดวิทยาเขตสวรรค์ประชารักษ์
►ส่วนจัดเก็บหนังสือเก่า สปร
บนชั้น
  ขอยืม
3. วิทยาศาสตร์การแพทย์ และสุขภาพ
วิทยาศาสตร์การแพทย์ และสุขภาพ
WS280 ด764P 2553 ฉ.3 
  Barcode: 030480
ห้องสมุดวิทยาเขตสวรรค์ประชารักษ์
►ส่วนจัดเก็บหนังสือเก่า สปร
บนชั้น
  ขอยืม
4. วิทยาศาสตร์การแพทย์ และสุขภาพ
วิทยาศาสตร์การแพทย์ และสุขภาพ
WS280 ด764P 2553 ฉ.4 
  Barcode: 030481
ห้องสมุดวิทยาเขตสวรรค์ประชารักษ์
►ส่วนจัดเก็บหนังสือเก่า สปร
บนชั้น
  ขอยืม
5. วิทยาศาสตร์การแพทย์ และสุขภาพ
วิทยาศาสตร์การแพทย์ และสุขภาพ
WS280 ด764P 2553 ฉ.5 
  Barcode: 030482
ห้องสมุดวิทยาเขตสวรรค์ประชารักษ์
►ส่วนจัดเก็บหนังสือเก่า สปร
บนชั้น
  ขอยืม

รายการใกล้เคียง
    ผู้แต่ง [ดุสิต สถาวร]

    หัวเรื่อง [โรคระบบหายใจ]
    หัวเรื่อง [ทางเดินหายใจ, โรค]

BibComment


ยังไม่เคยถูกคอมเมนท์

คอมเมนท์ทรัพยากรรายการนี้
  คอมเมนท์: Pediatric critica..


 Copyright 2026. Bcnsprnw @Library